Česká scénografie XX. století

Enregistré dans:
Détails bibliographiques
Auteur principal: Ptáčková, Věra (Auteur)
Format: Livre
Langue:tchèque
Publié: Praha : Odeon, 1982
Sujets:
Tags: Ajouter un tag
Pas de tags, Soyez le premier à ajouter un tag!

MARC

LEADER 00000nam a22000003a 4500
001 stu77735
005 20150617225642.3
008 021029s1982------------------------cze-d
040 |a STU  |b slo 
041 0 |a cze 
100 1 |a Ptáčková, Věra  |4 aut 
245 1 |a Česká scénografie XX. století 
260 |a Praha :  |b Odeon,  |c 1982 
300 |a 359 s 
650 7 |a divadlo  |2 stusub 
996 |b 284AU00058  |c A*3732  |l AAKNAR  |s A  |a 24  |w stu77735_0001